100 Years of Einstein's Theory of Relativity: (Record no. 191374)

MARC details
000 -LEADER
fixed length control field 00699nam a22002057a 4500
005 - DATE AND TIME OF LATEST TRANSACTION
control field 20220825114226.0
010 ## - LCCN (DPL NO)
LC control number ENG-134676
020 ## - INTERNATIONAL STANDARD BOOK NUMBER
International Standard Book Number 9789384726584
Terms of availability 1295.00
035 ## - SYSTEM CONTROL NUMBER
System control number EN-118208
037 ## - SOURCE OF ACQUISITION
Source of stock number/acquisition DBAD/PUB
082 ## - DEWEY DECIMAL CLASSIFICATION NUMBER
Classification number 530.1
100 ## - MAIN ENTRY--PERSONAL NAME
Personal name Sivaram, C.
245 ## - TITLE STATEMENT
Title 100 Years of Einstein's Theory of Relativity:
Remainder of title An Introduction to Gravity and Cosmology/
Statement of responsibility, etc C. Sivaram, Kenath Arun and Kiren O.V.
260 ## - PUBLICATION, DISTRIBUTION, ETC. (IMPRINT)
Place of publication, distribution, etc New Delhi
Name of publisher, distributor, etc Ane Books Pvt Ltd
Date of publication, distribution, etc 2018
270 ## - ADDRESS
Address 4821, Parwana Bhawan, 24 Ansari Road, Daryaganj
City New Delhi
Postal code 110002
Electronic mail address kapoor@anebooks.com
300 ## - PHYSICAL DESCRIPTION
Extent 225p.
Dimensions 24cm(hb)
700 ## - ADDED ENTRY--PERSONAL NAME
Personal name Arun, Kenath
700 ## - ADDED ENTRY--PERSONAL NAME
Personal name O.V., Kiren
942 ## - ADDED ENTRY ELEMENTS (KOHA)
Source of classification or shelving scheme Dewey Decimal Classification
Item type English Books
Classification part 530.1
Call number suffix SIV
Holdings
Withdrawn status Lost status Not for loan Collection code Home library Current library Date acquired Source of acquisition Cost, normal purchase price Full call number Barcode Copy number Cost, replacement price Koha item type
      Non-fiction Ashok Vihar Ashok Vihar 25/08/2022 DBAD/PUB 1295.00 530.1 SIV EN-118208 1 1295.00 English Books

© Delhi Public Library
Hit Counter
free hit counter